বিষয়বস্তু এড়িয়ে যান
VuFind
ভাষা
English
Deutsch
Español
Français
Italiano
日本語
Nederlands
Português
Português (Brasil)
中文(简体)
中文(繁體)
Türkçe
עברית
Gaeilge
Cymraeg
Ελληνικά
Català
Euskara
Русский
Čeština
Suomi
Svenska
polski
Dansk
slovenščina
اللغة العربية
বাংলা
Galego
Tiếng Việt
Hrvatski
हिंदी
সমস্ত ক্ষেত্রসমূহ
আখ্যা
লেখক
বিষয়
ডাক সংখ্যা
আইসবিএন/আইএসএসএন
ট্যাগ
অনুসন্ধান
বিস্তৃত
ফিল্টার পুনরায় সেট করুন
প্রস্তাবিত প্রসঙ্গ:
Environmental problems and services
ফিল্টার পুনরায় সেট করুন
ফিল্টার দেখুন (1)
প্রস্তাবিত প্রসঙ্গ:
Environmental problems and services
অনুসন্ধান
Rangh-
সাইট করুন
এই ই-মেইলটি
মুদ্রণ
নথি এক্সপোর্ট করুন
এক্সপোর্ট করুন RefWorks
এক্সপোর্ট করুন EndNoteWeb
এক্সপোর্ট করুন EndNote
permanent_link
লোডিং...
Rangh-
গ্রন্থ-পঞ্জীর বিবরন
বিন্যাস:
Printed Book
হোল্ডিংস
বিবরন
অনুরূপ উপাদানগুলি
স্টাফেদের বিবরণ দেখুন
LEADER
00267 a2200109 4500
020
260
942
|c
BK
|6
_
245
|a
Rangh-
100
999
|c
66391
|d
66391
952
|0
0
|1
0
|2
udc
|4
0
|6
_
|7
0
|8
FIC
|9
78707
|a
UL
|b
UL
|d
2013-03-11
|e
122
|g
0.00
|p
00069850
|r
2013-03-11
|v
0.00
|w
2013-03-11
|y
BK
অনুরূপ উপাদানগুলি
Rangh Bharath /
অনুযায়ী: Ranghacharya
প্রকাশিত: (1981)
Vivek ke rangh/
অনুযায়ী: Devishankar Awasthi
প্রকাশিত: (1965)
Sathvam Rangh(H)
অনুযায়ী: Devendra ,Raja Ankur
প্রকাশিত: (2010)
Samakaleen Rangh Natak(H)
অনুযায়ী: Sasidharan , R
প্রকাশিত: (2008)
লোডিং...